Top XIs: FC Girondins Bordeaux (1978-2022) - Statistics

General Stats
  • This quiz has been taken 100 times
    72 since last reset
  • The average score is 118 of 450
Answer Stats
Hint Position Answer % Correct
2008/2009 MF Yoann Gourcuff
91%
2009/2010 MF Yoann Gourcuff
91%
1992/1993 MF Zinedine Zidane
87%
1993/1994 MF Zinedine Zidane
87%
1994/1995 MF Zinedine Zidane
87%
1995/1996 MF Zinedine Zidane
87%
1991/1992 ST Christophe Dugarry
72%
1992/1993 ST Christophe Dugarry
72%
1994/1995 ST Christophe Dugarry
72%
1995/1996 ST Christophe Dugarry
72%
1978/1979 MF Alain Giresse
70%
1979/1980 MF Alain Giresse
70%
1980/1981 MF Alain Giresse
70%
1981/1982 MF Alain Giresse
70%
1982/1983 MF Alain Giresse
70%
1983/1984 MF Alain Giresse
70%
1984/1985 MF Alain Giresse
70%
1985/1986 MF Alain Giresse
70%
2003/2004 ST Marouane Chamakh
68%
2004/2005 ST Marouane Chamakh
68%
2006/2007 ST Marouane Chamakh
68%
2008/2009 ST Marouane Chamakh
68%
2009/2010 ST Marouane Chamakh
68%
2008/2009 DF Benoît Trémoulinas
66%
2009/2010 DF Benoît Trémoulinas
66%
2010/2011 DF Benoît Trémoulinas
66%
2011/2012 DF Benoît Trémoulinas
66%
2012/2013 DF Benoît Trémoulinas
66%
1989/1990 DF Bixente Lizarazu
64%
1990/1991 DF Bixente Lizarazu
64%
1991/1992 DF Bixente Lizarazu
64%
1992/1993 DF Bixente Lizarazu
64%
1993/1994 DF Bixente Lizarazu
64%
1994/1995 DF Bixente Lizarazu
64%
1995/1996 DF Bixente Lizarazu
64%
2016/2017 MF Malcom
55%
2017/2018 MF Malcom
55%
2007/2008 MF Alou Diarra
53%
2008/2009 MF Alou Diarra
53%
2009/2010 MF Alou Diarra
53%
2010/2011 MF Alou Diarra
53%
2011/2012 ST Cheick Diabaté
53%
2012/2013 ST Cheick Diabaté
53%
2007/2008 ST Fernando Cavenaghi
53%
2008/2009 ST Fernando Cavenaghi
53%
2009/2010 MF Jaroslav Plašil
53%
2010/2011 MF Jaroslav Plašil
53%
2011/2012 MF Jaroslav Plašil
53%
2012/2013 MF Jaroslav Plašil
53%
2014/2015 MF Jaroslav Plašil
53%
2015/2016 MF Jaroslav Plašil
53%
2016/2017 MF Jaroslav Plašil
53%
2018/2019 MF Jaroslav Plašil
53%
1997/1998 MF Lassina Diabaté
53%
1998/1999 MF Lassina Diabaté
53%
1999/2000 MF Lassina Diabaté
53%
1997/1998 ST Lilian Laslandes
53%
1998/1999 ST Lilian Laslandes
53%
1999/2000 ST Lilian Laslandes
53%
2000/2001 ST Lilian Laslandes
53%
2003/2004 DF Marc Planus
53%
2004/2005 DF Marc Planus
53%
2005/2006 DF Marc Planus
53%
2006/2007 DF Marc Planus
53%
2007/2008 DF Marc Planus
53%
2008/2009 DF Marc Planus
53%
2009/2010 DF Marc Planus
53%
2011/2012 DF Marc Planus
53%
2012/2013 DF Marc Planus
53%
1980/1981 DF Marius Trésor
53%
1981/1982 DF Marius Trésor
53%
2006/2007 MF Wendel
51%
2007/2008 MF Wendel
51%
2008/2009 MF Wendel
51%
2009/2010 MF Wendel
51%
2010/2011 MF Wendel
51%
1982/1983 MF Jean Tigana
49%
1983/1984 MF Jean Tigana
49%
1984/1985 MF Jean Tigana
49%
1985/1986 MF Jean Tigana
49%
1986/1987 MF Jean Tigana
49%
1987/1988 MF Jean Tigana
49%
1988/1989 MF Jean Tigana
49%
2012/2013 DF Mariano
49%
2013/2014 DF Mariano
49%
2014/2015 DF Mariano
49%
1997/1998 ST Sylvain Wiltord
49%
1998/1999 ST Sylvain Wiltord
49%
1999/2000 ST Sylvain Wiltord
49%
2018/2019 ST Jimmy Briand
47%
2019/2020 ST Jimmy Briand
47%
2017/2018 DF Jules Koundé
47%
2018/2019 DF Jules Koundé
47%
2019/2020 MF Aurélien Tchouaméni
43%
1990/1991 MF Didier Deschamps
43%
2013/2014 DF Henrique
43%
1996/1997 MF Johan Micoud
43%
1997/1998 MF Johan Micoud
43%
1998/1999 MF Johan Micoud
43%
1999/2000 MF Johan Micoud
43%
2006/2007 MF Johan Micoud
43%
2000/2001 ST Pauleta
43%
2001/2002 ST Pauleta
43%
2002/2003 ST Pauleta
43%
2009/2010 MF Yoan Gouffran
43%
2011/2012 ST Yoan Gouffran
43%
2012/2013 ST Yoan Gouffran
43%
2019/2020 DF Laurent Koscielny
40%
2020/2021 DF Laurent Koscielny
40%
2021/2022 DF Laurent Koscielny
40%
2007/2008 DF Matthieu Chalmé
40%
2008/2009 DF Matthieu Chalmé
40%
2009/2010 DF Matthieu Chalmé
40%
2002/2003 ST J.-C. Darcheville
38%
2005/2006 ST J.-C. Darcheville
38%
2016/2017 ST François Kamano
36%
2017/2018 ST François Kamano
36%
2018/2019 ST François Kamano
36%
2020/2021 ST Hwang Ui-Jo
36%
2021/2022 ST Hwang Ui-Jo
36%
2021/2022 (2) ST Hwang Ui-Jo
36%
2007/2008 DF Souleymane Diawara
36%
2008/2009 DF Souleymane Diawara
36%
2014/2015 ST Diego Rolán
34%
2015/2016 ST Diego Rolán
34%
2005/2006 DF Fernando
34%
2006/2007 DF Fernando
34%
2007/2008 MF Fernando
34%
2008/2009 MF Fernando
34%
2010/2011 DF Fernando
34%
2012/2013 MF Henri Saivet
34%
2013/2014 MF Henri Saivet
34%
2015/2016 MF Henri Saivet
34%
2016/2017 MF Jérémy Toulalan
34%
2017/2018 MF Jérémy Toulalan
34%
2010/2011 ST Jussiê
34%
2013/2014 ST Jussiê
34%
2014/2015 DF Diego Contento
32%
2015/2016 DF Diego Contento
32%
2016/2017 DF Diego Contento
32%
2003/2004 DF Franck Jurietti
32%
2004/2005 DF Franck Jurietti
32%
2005/2006 DF Franck Jurietti
32%
2006/2007 DF Franck Jurietti
32%
2007/2008 DF Franck Jurietti
32%
2021/2022 DF Stian Gregersen
32%
2021/2022 (2) DF Stian Gregersen
32%
1998/1999 MF Ali Benarbia
30%
1979/1980 ST Bernard Lacombe
30%
1980/1981 ST Bernard Lacombe
30%
1981/1982 ST Bernard Lacombe
30%
1982/1983 ST Bernard Lacombe
30%
1983/1984 ST Bernard Lacombe
30%
1984/1985 ST Bernard Lacombe
30%
1985/1986 ST Bernard Lacombe
30%
2010/2011 DF Lamine Sané
30%
2011/2012 DF Lamine Sané
30%
2012/2013 DF Lamine Sané
30%
2013/2014 DF Lamine Sané
30%
2014/2015 DF Lamine Sané
30%
2017/2018 DF Maxime Poundjé
30%
2018/2019 DF Maxime Poundjé
30%
2009/2010 DF Mickaël Ciani
30%
2010/2011 DF Mickaël Ciani
30%
2011/2012 DF Mickaël Ciani
30%
2018/2019 MF Otávio
30%
2019/2020 MF Otávio
30%
2020/2021 MF Otávio
30%
2021/2022 MF Otávio
30%
1983/1984 DF Patrick Battiston
30%
1984/1985 DF Patrick Battiston
30%
1985/1986 DF Patrick Battiston
30%
1986/1987 DF Patrick Battiston
30%
1989/1990 DF Patrick Battiston
30%
1990/1991 DF Patrick Battiston
30%
2020/2021 DF Paul Baysse
30%
2019/2020 MF Yacine Adli
30%
2020/2021 MF Yacine Adli
30%
2021/2022 MF Yacine Adli
30%
2021/2022 (2) MF Yacine Adli
30%
1978/1979 DF Gernot Rohr
28%
1979/1980 DF Gernot Rohr
28%
1980/1981 DF Gernot Rohr
28%
1981/1982 DF Gernot Rohr
28%
1982/1983 DF Gernot Rohr
28%
1983/1984 DF Gernot Rohr
28%
1984/1985 DF Gernot Rohr
28%
1985/1986 DF Gernot Rohr
28%
2017/2018 ST Nicolas de Préville
28%
2019/2020 ST Nicolas de Préville
28%
2011/2012 MF N. Maurice-Belay
28%
2012/2013 MF N. Maurice-Belay
28%
2013/2014 MF N. Maurice-Belay
28%
2014/2015 MF N. Maurice-Belay
28%
2016/2017 DF Youssouf Sabaly
28%
2017/2018 DF Youssouf Sabaly
28%
2018/2019 DF Youssouf Sabaly
28%
2020/2021 DF Youssouf Sabaly
28%
2021/2022 (2) MF Danylo Ignatenko
26%
2020/2021 MF Hatem Ben Arfa
26%
1996/1997 ST Jean-Pierre Papin
26%
2018/2019 DF Pablo
26%
2019/2020 DF Pablo
26%
2021/2022 DF Ricardo Mangas
26%
2021/2022 (2) DF Ricardo Mangas
26%
2004/2005 MF Rio Mavuba
26%
2005/2006 MF Rio Mavuba
26%
2006/2007 MF Rio Mavuba
26%
1987/1988 DF Alain Roche
23%
1988/1989 DF Alain Roche
23%
2000/2001 DF Alain Roche
23%
2001/2002 DF Alain Roche
23%
2021/2022 MF Fransérgio
23%
2021/2022 (2) DF Enock Kwateng
23%
1987/1988 ST José Touré
23%
2004/2005 MF Julien Faubert
23%
2005/2006 MF Julien Faubert
23%
2006/2007 MF Julien Faubert
23%
2011/2012 MF Ludovic Obraniak
23%
2012/2013 MF Ludovic Obraniak
23%
2013/2014 MF Ludovic Obraniak
23%
2020/2021 ST Rémi Oudin
23%
2021/2022 ST Rémi Oudin
23%
2007/2008 ST David Bellion
21%
2013/2014 MF Grégory Sertic
21%
2014/2015 MF Grégory Sertic
21%
1983/1984 DF Raymond Domenech
21%
2019/2020 MF Toma Bašić
21%
2020/2021 MF Toma Bašić
21%
2016/2017 MF Younousse Sankharé
21%
2017/2018 MF Younousse Sankharé
21%
2018/2019 MF Younousse Sankharé
21%
1989/1990 MF Bernard Pardo
19%
2021/2022 (2) MF Josuha Guilavogui
19%
2019/2020 DF Loris Benito
19%
2020/2021 DF Loris Benito
19%
2017/2018 MF Lukas Lerager
19%
2018/2019 MF Lukas Lerager
19%
2010/2011 ST Anthony Modeste
17%
2014/2015 MF Clément Chantôme
17%
2015/2016 MF Clément Chantôme
17%
1996/1997 ST Didier Tholot
17%
2021/2022 MF Jean Onana
17%
2021/2022 (2) MF Jean Onana
17%
2019/2020 DF Mexer
17%
2021/2022 DF Mexer
17%
2014/2015 DF Nicolas Pallois
17%
2015/2016 DF Nicolas Pallois
17%
2016/2017 DF Nicolas Pallois
17%
2015/2016 MF André Poko
15%
2021/2022 (2) DF Anel Ahmedhodžić
15%
2015/2016 DF Cédric Yambéré
15%
2001/2002 DF David Jemmali
15%
2002/2003 DF David Jemmali
15%
2005/2006 DF David Jemmali
15%
2006/2007 DF David Jemmali
15%
1997/1998 DF François Grenet
15%
1998/1999 DF François Grenet
15%
1999/2000 DF François Grenet
15%
2000/2001 DF François Grenet
15%
1980/1981 MF Jean Fernández
15%
1981/1982 MF Jean Fernández
15%
1986/1987 MF Jean-Marc Ferreri
15%
1988/1989 MF Jean-Marc Ferreri
15%
1989/1990 MF Jean-Marc Ferreri
15%
1990/1991 MF Jean-Marc Ferreri
15%
2016/2017 ST Jérémy Ménez
15%
2013/2014 DF Lucas Orbán
15%
1997/1998 DF Niša Saveljić
15%
1998/1999 DF Niša Saveljić
15%
1981/1982 MF René Girard
15%
1983/1984 MF René Girard
15%
1984/1985 DF René Girard
15%
1985/1986 MF René Girard
15%
1986/1987 MF René Girard
15%
1987/1988 MF René Girard
15%
2005/2006 MF Vladimír Šmicer
15%
2014/2015 ST Wahbi Khazri
15%
2015/2016 MF Wahbi Khazri
15%
2004/2005 MF Camel Meriem
13%
2004/2005 DF Cyril Rool
13%
2000/2001 DF David Sommeil
13%
2001/2002 DF David Sommeil
13%
2010/2011 MF Fahid Ben Khalfallah
13%
1984/1985 MF Fernando Chalana
13%
2015/2016 DF Frédéric Guilbert
13%
2016/2017 DF Igor Lewczuk
13%
2021/2022 (2) ST Javairô Dilrosun
13%
1997/1998 DF Kodjo Afanou
13%
1999/2000 DF Kodjo Afanou
13%
2002/2003 DF Kodjo Afanou
13%
1996/1997 MF Michel Pavon
13%
1997/1998 MF Michel Pavon
13%
1998/1999 MF Michel Pavon
13%
1999/2000 MF Michel Pavon
13%
2002/2003 MF Pascal Feindouno
13%
2003/2004 MF Pascal Feindouno
13%
2017/2018 MF Soualiho Meïté
13%
2001/2002 MF Vikash Dhorasoo
13%
2006/2007 MF Alejandro Alonso
11%
2007/2008 MF Alejandro Alonso
11%
2000/2001 MF Aleksey Smertin
11%
2001/2002 MF Aleksey Smertin
11%
2002/2003 MF Aleksey Smertin
11%
2001/2002 ST Christian
11%
1994/1995 MF Daniel Dutuel
11%
1995/1996 MF Daniel Dutuel
11%
1982/1983 ST Dieter Müller
11%
1983/1984 ST Dieter Müller
11%
1984/1985 ST Dieter Müller
11%
1979/1980 DF J.-C. Thouvenel
11%
1980/1981 DF J.-C. Thouvenel
11%
1982/1983 DF J.-C. Thouvenel
11%
1985/1986 DF J.-C. Thouvenel
11%
1986/1987 DF J.-C. Thouvenel
11%
1987/1988 DF J.-C. Thouvenel
11%
1988/1989 DF J.-C. Thouvenel
11%
1989/1990 DF J.-C. Thouvenel
11%
1990/1991 DF J.-C. Thouvenel
11%
1978/1979 DF Jean-F. Domergue
11%
1979/1980 DF Jean-Fr. Domergue
11%
1989/1990 ST Klaus Allofs
11%
2011/2012 MF Landry N'Guémo
11%
2013/2014 MF Landry N'Guémo
11%
1982/1983 DF Léonard Specht
11%
1983/1984 DF Léonard Specht
11%
1984/1985 DF Léonard Specht
11%
1986/1987 DF Léonard Specht
11%
1992/1993 DF Márcio Santos
11%
1997/1998 MF Peter Luccin
11%
1984/1985 DF Thierry Tusseau
11%
1985/1986 DF Thierry Tusseau
11%
1985/1986 ST Uwe Reinders
11%
2003/2004 MF Albert Riera
9%
2004/2005 MF Albert Riera
9%
2001/2002 DF Bruno Basto
9%
2002/2003 DF Bruno Basto
9%
2003/2004 DF Bruno Basto
9%
2005/2006 MF Denilson
9%
2001/2002 MF Eduardo Costa
9%
2002/2003 MF Eduardo Costa
9%
2003/2004 MF Eduardo Costa
9%
1989/1990 MF Jean-Philippe Durand
9%
1990/1991 MF Jean-Philippe Durand
9%
1979/1980 MF Omar Sahnoun
9%
1986/1987 ST Philippe Fargeon
9%
1987/1988 ST Philippe Fargeon
9%
1986/1987 MF Philippe Vercruysse
9%
1993/1994 MF Philippe Vercruysse
9%
1993/1994 ST Stéphane Paille
9%
1992/1993 ST Valdeir
9%
1994/1995 ST Valdeir
9%
1988/1989 ST Yannick Stopyra
9%
1986/1987 ST Zlatko Vujović
9%
1987/1988 ST Zlatko Vujović
9%
1986/1987 DF Zoran Vujović
9%
1987/1988 DF Zoran Vujović
9%
1981/1982 MF Antoine Martínez
6%
1982/1983 MF Antoine Martínez
6%
1988/1989 DF Didier Sénac
6%
1989/1990 DF Didier Sénac
6%
1990/1991 DF Didier Sénac
6%
1991/1992 DF Didier Sénac
6%
1992/1993 DF Didier Sénac
6%
1993/1994 DF Didier Sénac
6%
1994/1995 DF Didier Sénac
6%
1987/1988 MF Dominique Bijotat
6%
1996/1997 DF Gralak
6%
1997/1998 DF Gralak
6%
1998/1999 DF Hervé Alicarte
6%
1999/2000 DF Hervé Alicarte
6%
1991/1992 DF Jean-Luc Dogon
6%
1992/1993 DF Jean-Luc Dogon
6%
1993/1994 DF Jean-Luc Dogon
6%
1994/1995 DF Jean-Luc Dogon
6%
1995/1996 DF Jean-Luc Dogon
6%
1978/1979 MF Jean-Marc Ferratge
6%
1991/1992 MF Jean-Marc Ferratge
6%
1999/2000 DF Jérôme Bonnissel
6%
2000/2001 DF Jérôme Bonnissel
6%
2003/2004 MF Juan Pablo Francia
6%
2004/2005 MF Juan Pablo Francia
6%
1993/1994 MF Marcel Dib
6%
1992/1993 MF Philippe Lucas
6%
1993/1994 MF Philippe Lucas
6%
1994/1995 MF Philippe Lucas
6%
1995/1996 MF Philippe Lucas
6%
1993/1994 MF Richard Witschge
6%
1995/1996 MF Richard Witschge
6%
1996/1997 MF Stéphane Ziani
6%
1999/2000 MF Stéphane Ziani
6%
1998/1999 DF Víctor Torres Mestre
6%
1994/1995 DF William Prunier
6%
1990/1991 ST Wim Kieft
6%
1979/1980 ST Albert Gemmrich
4%
1980/1981 ST Albert Gemmrich
4%
1978/1979 MF André Ferri
4%
1995/1996 ST Anthony Bancarel
4%
1983/1984 ST Bernard Zénier
4%
2005/2006 MF Bruno Cheyrou
4%
1982/1983 MF Caspar Memering
4%
1988/1989 ST Clive Allen
4%
1988/1989 MF Éric Dewilder
4%
1992/1993 MF Éric Guérit
4%
1987/1988 DF Éric Péan
4%
1988/1989 DF Éric Péan
4%
1979/1980 MF Félix Lacuesta
4%
1980/1981 DF François Bracci
4%
1981/1982 DF François Bracci
4%
1982/1983 DF François Bracci
4%
1979/1980 ST Gérard Soler
4%
1980/1981 ST Gérard Soler
4%
1981/1982 ST Gérard Soler
4%
1995/1996 DF Jakob Friis-Hansen
4%
1978/1979 DF Jean-Louis Lalanne
4%
1979/1980 DF Jean-Louis Lalanne
4%
2000/2001 MF Laurent Batlles
4%
2001/2002 MF Laurent Batlles
4%
1992/1993 DF Laurent Croci
4%
1993/1994 DF Laurent Croci
4%
1995/1996 DF Laurent Croci
4%
1994/1995 MF Laurent Fournier
4%
2002/2003 DF Marco Caneira
4%
2003/2004 DF Marco Caneira
4%
2000/2001 MF Marc Wilmots
4%
2003/2004 MF Albert Celades
2%
1996/1997 DF Bernard Lambourde
2%
1996/1997 DF Cyril Domoraud
2%
1988/1989 MF Enzo Scifo
2%
1978/1979 MF Georges van Straelen
2%
1980/1981 MF Georges van Straelen
2%
1996/1997 MF Ibrahim Ba
2%
1989/1990 MF Jesper Olsen
2%
1985/1986 ST Marc Pascal
2%
2004/2005 DF Michalis Kapsis
2%
1981/1982 DF Nourredine Kourichi
2%
1996/1997 DF Patrick Colleter
2%
1990/1991 MF Patrick Vervoort
2%
1989/1990 ST Piet den Boer
2%
1991/1992 ST Rainer Ernst
2%
1978/1979 DF Raymond Camus
2%
1991/1992 MF Stéphane Plancque
2%
2000/2001 MF Sylvain Legwinski
2%
1990/1991 ST Arnór Guðjohnsen
0%
1991/1992 ST Arnór Guðjohnsen
0%
1978/1979 MF Momčilo Vukotić
0%
1991/1992 DF Patrice Lestage
0%
1978/1979 ST Philippe Redon
0%
2002/2003 MF Sávio
0%
1991/1992 MF Thierry Fernier
0%
No matching quizzes found
Score Distribution
Percent of People with Each Score
Percentile by Number Answered
Your Score History
You have not taken this quiz since the last reset